000 00193nam a22000857a 4500
008 161020b xxu||||| |||| 00| 0 eng d
100 _9895
_aHindi
245 _aHindi Story
260 _aNew Delhi
_c2000
999 _c3549
_d3549